000 00497nam a22001577a 4500
008 250901b ||||| |||| 00| 0 spa d
020 _a978-987-580-497-5
040 _aAR-FvUNAJ
_dAR-FvUNAJ
_eaacr2
082 1 4 _214
_a158.1
100 1 _921878
_aStamateas, Bernardo
245 1 0 _aQuererme más :
_bideas prácticas para sanar y fortalecer la autoestima /
_cBernardo Stamateas.
260 _aBuenos Aires :
_bBooket,
_c2012.
300 _a158 p.
650 0 _99049
_aAUTOAYUDA
942 _2ddc
_cLIBRO
999 _c11071
_d11071
980 _62
_aVirginia Figueroa
_82
_gVirginia Figueroa